[Event "RSA-chT U16"]
[Site "Cape Town"]
[Date "2016.01.05"]
[Round "3.5"]
[White "Nhlapo, Mpho"]
[Black "Smith, Ruben"]
[Result "0-1"]
[WhiteElo "1139"]
[BlackElo "1208"]
[PlyCount "56"]
[EventDate "2016.01.04"]
[EventType "team-tourn"]
[EventRounds "7"]
[EventCountry "RSA"]
[SourceTitle "CBM 170 Extra"]
[Source "ChessBase"]
[SourceDate "2016.02.25"]
[SourceVersion "1"]
[SourceVersionDate "2016.02.25"]
[SourceQuality "1"]
[WhiteTeam "Sedibeng"]
[BlackTeam "Nelson Mandela Bay"]
[WhiteTeamCountry "RSA"]
[BlackTeamCountry "RSA"]

1. e4 e6 2. d4 d5 3. e5 c5 4. Nf3 Nc6 5. c3 Qb6 6. Qb3 Qxb3 7. axb3 cxd4 8. Nxd4 Nxe5 9. Bb5+ Bd7 10. Bxd7+ Nxd7 11. Nb5 Rc8 12. Nxa7 Ra8 13. Be3 Ngf6 14. 0-0 Bd6 15. Nd2 0-0 16. Nb5 Be5 17. Nf3 Ng4 18. Nxe5 Ndxe5 19. Rxa8 Rxa8 20. Na3 Nxe3 21. fxe3 Nd3 22. Rb1 e5 23. c4 dxc4 24. Nxc4 b5 25. Nd2 Ra2 26. Nf3 e4 27. Ne1 Nxe1 28. Rxe1 Rxb2 0-1